000 00632nam a2200229Ia 4500
003 OSt
005 20220928124359.0
006 a|||||r|||| 00| 0
007 ta
008 220927b |||||||| |||| 00| 0 eng d
024 _a60483
037 _cAnnuals, Advances
040 _aSDCL
_cSDCL
_beng
041 _2eng
_aeng
082 _aR641x1,1, P1
100 _aSharma Puneeta
_9464792
245 0 _aSlokavartika men pratyaksha praman.
260 _aDelhi
_bVidyanidhi Prakashan
_c2001
300 _axvi,111p.
_ccm.
942 _hR641x1,1, P1
_cREF
_2CC
999 _c777684
_d777684